000 00395nam a22001697a 4500
005 20251108175804.0
008 250721s1987 xx 000 0 eng d
082 1 4 _aF/GRA
100 1 _aGRAHAME, KENNETH
245 1 4 _aTHE WIND IN THE WILLOWS /
264 _bLONGMAN,
_c1987.
300 _a74P.
650 1 7 _aEnglish literature
650 1 7 _aNovels
942 _2ddc
_cBK
999 _c142454
_d142454